[Event "POL-chT 51st"]
[Site "Lubniewice"]
[Date "1995.09.??"]
[Round "10"]
[White "Typek, Konrad"]
[Black "Kuczynski, Robert"]
[Result "0-1"]
[WhiteElo "2410"]
[BlackElo "2480"]
[PlyCount "90"]
[EventDate "1995.09.14"]
[EventType "team-tourn"]
[EventRounds "11"]
[EventCountry "POL"]
[SourceTitle "EXT 2019"]
[Source "ChessBase"]
[SourceDate "2018.10.10"]
[SourceVersion "1"]
[SourceVersionDate "2018.10.10"]
[SourceQuality "1"]
[WhiteTeam "Legnica Miedz"]
[BlackTeam "Gorzow Wielkopolski Stilon"]
[WhiteTeamCountry "POL"]
[BlackTeamCountry "POL"]

1. e4 c5 2. Nf3 d6 3. Bb5+ Nc6 4. 0-0 Bd7 5. c3 Nf6 6. Re1 a6 7. Ba4 b5 8. Bc2 Bg4 9. d4 cxd4 10. cxd4 e5 11. d5 Nd4 12. Nbd2 Nxc2 13. Qxc2 Be7 14. a4 bxa4 15. Rxa4 0-0 16. Qd3 a5 17. b4 Bd7 18. Rxa5 Rxa5 19. bxa5 Qxa5 20. Qa3 Ra8 21. Qxa5 Rxa5 22. Bb2 Ra4 23. Ra1 Rxa1+ 24. Bxa1 Bb5 25. Ne1 Bd8 26. Bc3 Bb6 27. h3 Kf8 28. g3 Ke7 29. Kg2 Nh5 30. Nf1 g6 31. Nd2 f5 32. f3 Be3 33. g4 Nf4+ 34. Kh2 fxe4 35. fxe4 Nd3 36. Nxd3 Bxd3 37. Kg3 Bxd2 38. Bxd2 Bxe4 39. h4 Bxd5 40. h5 gxh5 41. gxh5 Be4 42. Kh4 Ke6 43. Kg3 d5 44. h6 d4 45. Kf2 Bg6 0-1

[Event "Clichy"]
[Site "Clichy"]
[Date "1994.??.??"]
[Round "2"]
[White "Montheard, Xavier"]
[Black "Typek, Konrad"]
[Result "0-1"]
[WhiteElo "2205"]
[BlackElo "2410"]
[PlyCount "78"]
[EventDate "1994.??.??"]
[EventType "tourn"]
[EventRounds "9"]
[EventCountry "FRA"]
[EventCategory "3"]
[SourceTitle "EXT 1999"]
[Source "ChessBase"]
[SourceDate "1998.11.16"]
[SourceVersion "1"]
[SourceVersionDate "1998.11.16"]
[SourceQuality "1"]

1. e4 c5 2. d4 cxd4 3. c3 Nf6 4. e5 Nd5 5. Qxd4 e6 6. Nf3 Nc6 7. Qe4 d6 8. Nbd2 dxe5 9. Nxe5 Nxe5 10. Qxe5 Qd6 11. Bb5+ Bd7 12. Bxd7+ Qxd7 13. 0-0 Qc7 14. Qxc7 Nxc7 15. Ne4 Be7 16. Rd1 0-0 17. c4 Rfd8 18. Bf4 Na6 19. Nd6 Nc5 20. b4 Bxd6 21. Bxd6 Ne4 22. Be5 f6 23. Bb2 Nd2 24. c5 Rd5 25. Re1 a5 26. a3 Kf7 27. f3 Nb3 28. Rab1 axb4 29. axb4 Ra2 30. Bc3 Nd4 31. Kf1 Nb5 32. Re3 Nxc3 33. Rxc3 Rdd2 34. b5 Rf2+ 35. Ke1 Rxg2 36. Kf1 Rxh2 37. Kg1 Rhg2+ 38. Kf1 Rgf2+ 39. Ke1 Rh2 0-1

[Event "POL-chT 50th"]
[Site "Lubniewice"]
[Date "1994.??.??"]
[Round "3"]
[White "Szymczak, Zbigniew"]
[Black "Typek, Konrad"]
[Result "1/2-1/2"]
[WhiteElo "2365"]
[BlackElo "2410"]
[PlyCount "37"]
[EventDate "1994.09.22"]
[EventType "team-tourn"]
[EventRounds "11"]
[EventCountry "POL"]
[SourceTitle "EXT 2019"]
[Source "ChessBase"]
[SourceDate "2018.10.10"]
[SourceVersion "1"]
[SourceVersionDate "2018.10.10"]
[SourceQuality "1"]
[WhiteTeam "Gdansk Gedania"]
[BlackTeam "Legnica Miedz"]
[WhiteTeamCountry "POL"]
[BlackTeamCountry "POL"]

1. d4 d5 2. c4 c6 3. Nf3 dxc4 4. e3 b5 5. a4 e6 6. axb5 cxb5 7. b3 Bb4+ 8. Bd2 Bxd2+ 9. Nbxd2 a5 10. bxc4 b4 11. Bd3 Nf6 12. 0-0 0-0 13. Ne5 Bb7 14. f4 Nbd7 15. Qc2 h6 16. Ndf3 Nxe5 17. Nxe5 Nd7 18. Nxd7 Qxd7 19. f5 1/2-1/2

[Event "POL-chT 50th"]
[Site "Lubniewice"]
[Date "1994.??.??"]
[Round "1"]
[White "Typek, Konrad"]
[Black "Kuczynski, Robert"]
[Result "1/2-1/2"]
[WhiteElo "2410"]
[BlackElo "2515"]
[PlyCount "60"]
[EventDate "1994.09.22"]
[EventType "team-tourn"]
[EventRounds "11"]
[EventCountry "POL"]
[SourceTitle "EXT 2019"]
[Source "ChessBase"]
[SourceDate "2018.10.10"]
[SourceVersion "1"]
[SourceVersionDate "2018.10.10"]
[SourceQuality "1"]
[WhiteTeam "Legnica Miedz"]
[BlackTeam "Gorzow Wielkopolski Stilon"]
[WhiteTeamCountry "POL"]
[BlackTeamCountry "POL"]

1. e4 c5 2. Nf3 d6 3. Bb5+ Nd7 4. 0-0 Ngf6 5. Re1 a6 6. Bf1 b6 7. c4 Bb7 8. Nc3 e6 9. d4 cxd4 10. Nxd4 Be7 11. b3 0-0 12. Bb2 Qc7 13. Qf3 Rfe8 14. Rad1 Nc5 15. Qg3 Bf8 16. f3 Rad8 17. Kh1 g6 18. Qh4 Bg7 19. Nc2 Ncd7 20. Ne3 Ne5 21. Ba1 h6 22. Rd2 g5 23. Qf2 h5 24. Red1 h4 25. Bb2 Rd7 26. Bd3 Bc6 27. Be2 Ng6 28. Bf1 Ne5 29. Be2 Ng6 30. Bf1 Ne5 1/2-1/2

[Event "POL-chT 50th"]
[Site "Lubniewice"]
[Date "1994.??.??"]
[Round "11"]
[White "Typek, Konrad"]
[Black "Pedzich, Dominik"]
[Result "1/2-1/2"]
[WhiteElo "2410"]
[BlackElo "2410"]
[PlyCount "146"]
[EventDate "1994.09.22"]
[EventType "team-tourn"]
[EventRounds "11"]
[EventCountry "POL"]
[SourceTitle "EXT 2019"]
[Source "ChessBase"]
[SourceDate "2018.10.10"]
[SourceVersion "1"]
[SourceVersionDate "2018.10.10"]
[SourceQuality "1"]
[WhiteTeam "Legnica Miedz"]
[BlackTeam "Warszawa Polonia"]
[WhiteTeamCountry "POL"]
[BlackTeamCountry "POL"]

1. e4 e5 2. Nf3 Nc6 3. Bb5 a6 4. Bxc6 dxc6 5. Nc3 Bd6 6. d4 exd4 7. Qxd4 f6 8. Be3 Ne7 9. 0-0 0-0 10. Rad1 Be6 11. Qd2 Qe8 12. Bf4 Rd8 13. Bxd6 cxd6 14. Nd4 Bc8 15. Rfe1 Qh5 16. Qe2 Qf7 17. b3 Rfe8 18. Qf3 f5 19. h3 f4 20. Rd2 Ng6 21. Qd1 Qf6 22. Nb1 Ne5 23. Nf3 Nf7 24. Rd3 b5 25. Nbd2 c5 26. Qa1 Bb7 27. Qxf6 gxf6 28. g3 fxg3 29. fxg3 Re6 30. Kf2 Rf8 31. Rde3 Rfe8 32. c3 Ng5 33. Nxg5 fxg5 34. R1e2 h6 35. Re1 R8e7 36. R1e2 Kg7 37. Re1 Bc6 38. R1e2 Be8 39. Re1 Bh5 40. g4 Bg6 41. R1e2 Be8 42. Nf1 Rf7+ 43. Kg2 Rf4 44. Ng3 Kf6 45. Rd2 Bc6 46. Kg1 Ke7 47. Rde2 Kd7 48. Kg2 Re5 49. Kg1 Kc7 50. Kg2 Be8 51. Nf1 Bc6 52. Nd2 Kd7 53. Kg3 Ke7 54. Rf2 Rxf2 55. Kxf2 Re6 56. Ke2 Rf6 57. Rf3 d5 58. exd5 Bxd5 59. Re3+ Re6 60. Nf3 Kd6 61. Nd2 Rxe3+ 62. Kxe3 Ke5 63. a3 a5 64. Nf3+ Kd6 65. Nd2 Bg2 66. Kf2 Bh1 67. Ke3 Ke5 68. Nf3+ Kd5 69. Nd2 a4 70. bxa4 bxa4 71. Kf2 Be4 72. Ke3 Bg2 73. Kf2 Be4 1/2-1/2

[Event "POL-chT 50th"]
[Site "Lubniewice"]
[Date "1994.??.??"]
[Round "6"]
[White "Typek, Konrad"]
[Black "Robak, Zbigniew"]
[Result "1/2-1/2"]
[WhiteElo "2410"]
[BlackElo "2310"]
[PlyCount "44"]
[EventDate "1994.09.22"]
[EventType "team-tourn"]
[EventRounds "11"]
[EventCountry "POL"]
[SourceTitle "EXT 2019"]
[Source "ChessBase"]
[SourceDate "2018.10.10"]
[SourceVersion "1"]
[SourceVersionDate "2018.10.10"]
[SourceQuality "1"]
[WhiteTeam "Legnica Miedz"]
[BlackTeam "Bydgoszcz Chemik"]
[WhiteTeamCountry "POL"]
[BlackTeamCountry "POL"]

1. e4 d6 2. d4 Nf6 3. Bd3 e5 4. c3 d5 5. dxe5 Nxe4 6. Nd2 Nc6 7. Ngf3 Bg4 8. 0-0 Nc5 9. Bb5 Be7 10. h3 Bh5 11. b4 Ne6 12. Qa4 Qd7 13. Nd4 Nexd4 14. cxd4 0-0 15. Nb3 Qe6 16. Bxc6 bxc6 17. Na5 Be2 18. Re1 Bb5 19. Qb3 f6 20. Bd2 fxe5 21. Rxe5 Qf7 22. Be3 Bd6 1/2-1/2

[Event "Clichy"]
[Site "Clichy"]
[Date "1994.??.??"]
[Round "3"]
[White "Typek, Konrad"]
[Black "Verat, Laurent"]
[Result "1/2-1/2"]
[WhiteElo "2410"]
[BlackElo "2295"]
[PlyCount "51"]
[EventDate "1994.??.??"]
[EventType "tourn"]
[EventRounds "9"]
[EventCountry "FRA"]
[EventCategory "3"]
[SourceTitle "EXT 1999"]
[Source "ChessBase"]
[SourceDate "1998.11.16"]
[SourceVersion "1"]
[SourceVersionDate "1998.11.16"]
[SourceQuality "1"]

1. e4 c6 2. d4 d5 3. Nd2 dxe4 4. Nxe4 Nd7 5. Nf3 Ngf6 6. Nxf6+ Nxf6 7. Bc4 Bf5 8. 0-0 e6 9. Re1 Bg4 10. c3 Be7 11. h3 Bxf3 12. Qxf3 0-0 13. Bd2 b5 14. Bf1 Qd5 15. Qxd5 Nxd5 16. a4 a6 17. Ra2 Nb6 18. axb5 axb5 19. Rea1 Rxa2 20. Rxa2 Ra8 21. Rxa8+ Nxa8 22. g3 Nb6 23. Bg2 Nd5 24. Kf1 Kf8 25. Ke2 Ke8 26. Kd3 1/2-1/2

[Event "POL-chT 48th"]
[Site "Rewal"]
[Date "1992.09.26"]
[Round "10"]
[White "Typek, Konrad"]
[Black "Panczyk, Krzysztof"]
[Result "1-0"]
[WhiteElo "2395"]
[BlackElo "2415"]
[PlyCount "91"]
[EventDate "1992.09.19"]
[EventType "team-tourn"]
[EventRounds "11"]
[EventCountry "POL"]
[SourceTitle "EXT 2019"]
[Source "ChessBase"]
[SourceDate "2018.10.10"]
[SourceVersion "1"]
[SourceVersionDate "2018.10.10"]
[SourceQuality "1"]
[WhiteTeam "Legnica Miedz"]
[BlackTeam "Warszawa Polonia"]
[WhiteTeamCountry "POL"]
[BlackTeamCountry "POL"]

1. e4 e5 2. Nf3 Nc6 3. d4 exd4 4. Nxd4 Bc5 5. Be3 Qf6 6. c3 Nge7 7. Bc4 0-0 8. 0-0 Bb6 9. Bb3 d6 10. Kh1 Qg6 11. f3 Kh8 12. Nd2 f5 13. Nxc6 bxc6 14. Bxb6 axb6 15. Re1 f4 16. e5 d5 17. Bc2 Qh6 18. Nf1 Be6 19. a4 g5 20. b4 Rg8 21. a5 g4 22. fxg4 Bxg4 23. Qd2 Nf5 24. e6 Rae8 25. axb6 cxb6 26. Ra7 Rg6 27. b5 Bf3 28. gxf3 Reg8 29. Qf2 Qh4 30. Rxh7+ Kxh7 31. Qxh4+ Nxh4 32. Bxg6+ Nxg6 33. bxc6 Ne7 34. Rb1 Rc8 35. Rxb6 Rxc6 36. Rxc6 Nxc6 37. Nd2 Kg7 38. Nb3 Kf6 39. Nd4 Ne5 40. Kg2 Nd3 41. h4 Nb2 42. Kh3 Na4 43. Kg4 Nxc3 44. Kxf4 Na4 45. h5 Nb6 46. h6 1-0

[Event "POL-chT 47th"]
[Site "Mikolajki"]
[Date "1991.09.??"]
[Round "1"]
[White "Ivanov, Sergei"]
[Black "Typek, Konrad"]
[Result "0-1"]
[WhiteElo "2440"]
[BlackElo "2360"]
[PlyCount "66"]
[EventDate "1991.09.20"]
[EventType "team-swiss"]
[EventRounds "9"]
[EventCountry "POL"]
[SourceTitle "EXT 2019"]
[Source "ChessBase"]
[SourceDate "2018.10.10"]
[SourceVersion "1"]
[SourceVersionDate "2018.10.10"]
[SourceQuality "1"]
[WhiteTeam "Bielsko-Biala Wlokniarz"]
[BlackTeam "Legnica Miedz"]
[WhiteTeamCountry "POL"]
[BlackTeamCountry "POL"]

1. d4 d5 2. c4 dxc4 3. Nc3 a6 4. e4 b5 5. a4 b4 6. Na2 e6 7. Bxc4 Bb7 8. f3 c5 9. Ne2 cxd4 10. Nxd4 Qc7 11. Qe2 Bd6 12. Be3 Ne7 13. Rc1 Nbc6 14. Bxe6 fxe6 15. Nxe6 Qd7 16. Nxg7+ Kf7 17. Nh5 Qe6 18. Rd1 a5 19. Nc1 Ba6 20. Nd3 Ne5 21. Nhf4 Qb3 22. Kf2 Rhd8 23. Nxe5+ Bxe5 24. Rxd8 Bxe2 25. Rxa8 Bc4 26. Rxa5 Qxb2+ 27. Kg3 Qc3 28. Kf2 b3 29. Ra8 b2 30. a5 Qc2+ 31. Kg3 b1Q 32. Rxb1 Qxb1 33. a6 Qe1+ 0-1